[Event "SRB-chT 2nd League"]
[Site "Vrnjacka Banja"]
[Date "2022.11.04"]
[Round "1.1"]
[White "Dekic, Josip"]
[Black "Kumic, Filip"]
[Result "1/2-1/2"]
[WhiteElo "2242"]
[BlackElo "2231"]
[PlyCount "21"]
[EventDate "2022.11.04"]
[EventType "team-tourn"]
[EventRounds "11"]
[EventCountry "SRB"]
[SourceTitle "CBM 211 Extra"]
[Source "ChessBase"]
[SourceDate "2023.01.31"]
[SourceVersion "1"]
[SourceVersionDate "2023.01.31"]
[SourceQuality "1"]
[WhiteTeam "Sombor"]
[BlackTeam "Petrovaradin Kraljica"]
[WhiteTeamCountry "SRB"]
[BlackTeamCountry "SRB"]

1. e4 c5 2. Nf3 d6 3. d4 cxd4 4. Nxd4 Nf6 5. Nc3 a6 6. a4 e5 7. Nf3 b6 8. Bg5 Nbd7 9. Bc4 Be7 10. Nd5 Bb7 11. Bxf6 1/2-1/2

[Event "Vojvodina-chT 21st"]
[Site "Backa Palanka"]
[Date "2021.10.29"]
[Round "10.2"]
[White "Dekic, Josip"]
[Black "Balla, Tamas Kristof"]
[Result "1/2-1/2"]
[WhiteElo "2262"]
[BlackElo "2324"]
[PlyCount "20"]
[EventDate "2021.10.23"]
[EventType "team-tourn"]
[EventRounds "11"]
[EventCountry "SRB"]
[SourceTitle "CBM 204 Extra"]
[Source "ChessBase"]
[SourceDate "2021.11.30"]
[SourceVersion "1"]
[SourceVersionDate "2021.11.30"]
[SourceQuality "1"]
[WhiteTeam "Sombor"]
[BlackTeam "Senta"]
[WhiteTeamCountry "SRB"]
[BlackTeamCountry "SRB"]

1. e4 c5 2. Nf3 d6 3. Bb5+ Bd7 4. Bxd7+ Qxd7 5. c4 Nc6 6. Nc3 g6 7. d4 cxd4 8. Nxd4 Bg7 9. Be3 Nf6 10. f3 0-0 1/2-1/2

[Event "Vojvodina-chT 21st"]
[Site "Backa Palanka"]
[Date "2021.10.26"]
[Round "5.3"]
[White "Jesenski, Tibor"]
[Black "Dekic, Josip"]
[Result "1/2-1/2"]
[WhiteElo "2336"]
[BlackElo "2262"]
[PlyCount "25"]
[EventDate "2021.10.23"]
[EventType "team-tourn"]
[EventRounds "11"]
[EventCountry "SRB"]
[SourceTitle "CBM 204 Extra"]
[Source "ChessBase"]
[SourceDate "2021.11.30"]
[SourceVersion "1"]
[SourceVersionDate "2021.11.30"]
[SourceQuality "1"]
[WhiteTeam "Backa Pacir"]
[BlackTeam "Sombor"]
[WhiteTeamCountry "SRB"]
[BlackTeamCountry "SRB"]

1. e4 e5 2. Nf3 Nc6 3. Bb5 a6 4. Ba4 Nf6 5. 0-0 Be7 6. Re1 b5 7. Bb3 d6 8. c3 0-0 9. h3 Nb8 10. d4 Nbd7 11. Nbd2 Bb7 12. Bc2 Re8 13. d5 1/2-1/2

[Event "Vojvodina-chT 2nd League"]
[Site "Backa Palanka"]
[Date "2020.10.21"]
[Round "8.4"]
[White "Krejic, Igor"]
[Black "Dekic, Josip"]
[Result "0-1"]
[WhiteElo "2209"]
[BlackElo "2257"]
[PlyCount "35"]
[EventDate "2020.10.16"]
[EventType "team-tourn"]
[EventRounds "11"]
[EventCountry "SRB"]
[SourceTitle "EXT 2022"]
[Source "ChessBase"]
[SourceDate "2021.10.06"]
[SourceVersion "1"]
[SourceVersionDate "2021.10.06"]
[SourceQuality "1"]
[WhiteTeam "Mladenovo"]
[BlackTeam "Sombor"]
[WhiteTeamCountry "SRB"]
[BlackTeamCountry "SRB"]

1. e4 c5 2. c3 g6 3. d4 cxd4 4. cxd4 d5 5. Nc3 dxe4 6. Bc4 Nc6 7. Qb3 e6 8. d5 Nd4 9. Qd1 Bg7 10. Be3 Nf5 11. Bc5 Qc7 12. Bb5+ Bd7 13. dxe6 Bxc3+ 14. bxc3 Bxb5 15. Bd4 f6 16. a4 Bc4 17. Ne2 Bxe2 18. Kxe2 0-1

[Event "Vojvodina-chT"]
[Site "Kovacica"]
[Date "2019.11.06"]
[Round "8.5"]
[White "Njamcul, Dragan"]
[Black "Dekic, Josip"]
[Result "0-1"]
[WhiteElo "2320"]
[BlackElo "2254"]
[PlyCount "46"]
[EventDate "2019.11.01"]
[EventType "team-tourn"]
[EventRounds "11"]
[EventCountry "SRB"]
[SourceTitle "CBM 192 Extra"]
[Source "Chessbase"]
[SourceDate "2019.11.06"]
[SourceVersion "1"]
[SourceVersionDate "2019.11.06"]
[SourceQuality "1"]
[WhiteTeam "Banatsko Novo Selo"]
[BlackTeam "Sombor"]
[WhiteTeamCountry "SRB"]
[BlackTeamCountry "SRB"]

1. d4 Nf6 2. c4 g6 3. Nc3 d5 4. cxd5 Nxd5 5. e4 Nxc3 6. bxc3 Bg7 7. Bc4 c5 8. Ne2 0-0 9. 0-0 Nc6 10. Be3 Bd7 11. Qd2 a6 12. Bh6 cxd4 13. Bxg7 Kxg7 14. cxd4 b5 15. Bd3 Qa5 16. Qg5 f6 17. Qe3 e5 18. f4 Qb6 19. Kh1 exd4 20. Qg3 f5 21. Qg5 Qd8 22. Qg3 Qe7 23. Rad1 fxe4 0-1

[Event "Vojvodina-chT"]
[Site "Novi Sad"]
[Date "2017.11.15"]
[Round "4.4"]
[White "Vukovic, Miroslav R"]
[Black "Dekic, Josip"]
[Result "1/2-1/2"]
[WhiteElo "2154"]
[BlackElo "2272"]
[PlyCount "33"]
[EventDate "2017.11.13"]
[EventType "team-tourn"]
[EventRounds "11"]
[EventCountry "SRB"]
[SourceTitle "CBM 181 Extra"]
[Source "ChessBase"]
[SourceDate "2017.12.12"]
[SourceVersion "1"]
[SourceVersionDate "2017.12.12"]
[SourceQuality "1"]
[WhiteTeam "Beska Hajduk"]
[BlackTeam "Sombor"]
[WhiteTeamCountry "SRB"]
[BlackTeamCountry "SRB"]

1. e4 c5 2. Nf3 Nc6 3. c4 g6 4. Nc3 Bg7 5. Be2 d6 6. 0-0 Nf6 7. h3 0-0 8. d3 Ne8 9. Be3 Nc7 10. Qd2 Ne6 11. Bh6 Ned4 12. Bxg7 Nxf3+ 13. Bxf3 Kxg7 14. Bd1 e5 15. Ne2 a6 16. Ba4 Nd4 17. Nxd4 1/2-1/2

[Event "CRO-chT2 East"]
[Site "Croatia"]
[Date "2014.04.26"]
[Round "1.52"]
[White "Dekic, Josip"]
[Black "Patarcic, Domagoj"]
[Result "1-0"]
[WhiteElo "2275"]
[BlackElo "2112"]
[PlyCount "47"]
[EventDate "2014.04.26"]
[EventType "team-tourn"]
[EventRounds "11"]
[EventCountry "CRO"]
[SourceTitle "EXT 2019"]
[Source "ChessBase"]
[SourceDate "2018.10.10"]
[SourceVersion "1"]
[SourceVersionDate "2018.10.10"]
[SourceQuality "1"]

1. e4 Nc6 2. Nf3 d5 3. exd5 Qxd5 4. Nc3 Qa5 5. d4 Bg4 6. Bb5 0-0-0 7. Bxc6 bxc6 8. h3 Qh5 9. Qd3 Bxf3 10. gxf3 Qa5 11. Qc4 e5 12. dxe5 Bb4 13. 0-0 Ne7 14. Ne4 Ng6 15. c3 Nxe5 16. cxb4 Nxf3+ 17. Kg2 Qh5 18. Qa6+ Kb8 19. Nc5 Nh4+ 20. Kh2 Nf3+ 21. Kg3 Qh4+ 22. Kg2 Qxb4 23. Qxc6 Nh4+ 24. Kh1 1-0

[Event "CRO-chT2 East"]
[Site "Croatia"]
[Date "2014.04.26"]
[Round "2.22"]
[White "Mrkonjic, Nenad"]
[Black "Dekic, Josip"]
[Result "1-0"]
[WhiteElo "2373"]
[BlackElo "2275"]
[PlyCount "85"]
[EventDate "2014.04.26"]
[EventType "team-tourn"]
[EventRounds "11"]
[EventCountry "CRO"]
[SourceTitle "EXT 2019"]
[Source "ChessBase"]
[SourceDate "2018.10.10"]
[SourceVersion "1"]
[SourceVersionDate "2018.10.10"]
[SourceQuality "1"]

1. d4 Nf6 2. Nf3 g6 3. Bf4 Bg7 4. h3 0-0 5. e3 d6 6. Be2 b6 7. 0-0 Bb7 8. a4 a6 9. c3 Nbd7 10. Qb3 e6 11. a5 Qe7 12. axb6 cxb6 13. Qa3 Ne4 14. Nbd2 e5 15. Nxe4 Bxe4 16. dxe5 Bxe5 17. Nxe5 Nxe5 18. Rfd1 Rfd8 19. Qb4 Nc6 20. Bxd6 Qe6 21. Qa3 Rd7 22. Bg3 Rad8 23. Qxa6 Rxd1+ 24. Rxd1 Rxd1+ 25. Bxd1 Qd5 26. Qe2 Na5 27. Bc2 Nc4 28. b3 Na5 29. c4 Qf5 30. Bd1 h5 31. Qd2 Bd3 32. c5 Be4 33. cxb6 Qb5 34. Qd4 Bb7 35. Bc7 Nc6 36. Qc4 Qg5 37. h4 Qf5 38. Bf3 Na5 39. Qf4 Qb1+ 40. Kh2 Qxb3 41. Bxb7 Nxb7 42. Qe4 Nc5 43. Qe8+ 1-0

[Event "CRO-chT2 East"]
[Site "Osijek"]
[Date "2013.04.21"]
[Round "3.11"]
[White "Bubalovic, Davorin"]
[Black "Dekic, Josip"]
[Result "1-0"]
[WhiteElo "2288"]
[BlackElo "2290"]
[PlyCount "103"]
[EventDate "2013.04.20"]
[EventType "team-tourn"]
[EventRounds "11"]
[EventCountry "CRO"]
[SourceTitle "EXT 2023"]
[Source "ChessBase"]
[SourceDate "2022.10.05"]
[SourceVersion "1"]
[SourceVersionDate "2022.10.05"]
[SourceQuality "1"]

1. e4 c5 2. Nf3 Nc6 3. d4 cxd4 4. Nxd4 g6 5. Nc3 Bg7 6. Be3 Nf6 7. Bc4 0-0 8. Bb3 a5 9. a4 Nxd4 10. Bxd4 d6 11. 0-0 Bd7 12. Nd5 Bc6 13. Re1 Nd7 14. Bxg7 Kxg7 15. Re3 Bxd5 16. exd5 Rc8 17. Qd2 f6 18. Rae1 Rf7 19. h4 b6 20. Qe2 Kf8 21. h5 g5 22. h6 Rc7 23. g3 Ne5 24. f4 Ng6 25. fxg5 f5 26. Re6 Kg8 27. Rxg6+ hxg6 28. Qe6 Qf8 29. Qxg6+ Kh8 30. Qe6 Qg8 31. Kg2 Kh7 32. c3 Qg6 33. Bc2 Rf8 34. g4 Qxg5 35. Bxf5+ Rxf5 36. Qxf5+ Qxf5 37. gxf5 Kxh6 38. Re6+ Kg5 39. f6 exf6 40. Rxd6 Rh7 41. c4 f5 42. Kf3 Rh2 43. Rxb6 Rh3+ 44. Ke2 f4 45. d6 Rh2+ 46. Kf3 Rh3+ 47. Kg2 Kg4 48. d7 f3+ 49. Kg1 Rh8 50. c5 Kg3 51. Rg6+ Kf4 52. c6 1-0